| 000 | 00635nam a22002417a 4500 | ||
|---|---|---|---|
| 003 | UA-OsUOA | ||
| 001 | 72716 | ||
| 007 | ta | ||
| 008 | 20110126b un ||||| |||| 00| 0 ukr d | ||
| 100 | _aГоголь Н.В. | ||
| 090 |
_a821.161.1 _bГ58 |
||
| 942 | _cBK | ||
| 040 |
_aUA-OsUOA _brus _cUA-OsUOA _dUA-OsUOA |
||
| 245 | _aПетербургские повести | ||
| 300 | _a352 с. | ||
| 955 | _a3 | ||
| 041 | _arus | ||
| 080 | _a821.161.1 | ||
| 020 | _a5-85887-195-Х | ||
| 260 |
_aМ. _bРусский путь _c2004 |
||
| 650 | 7 |
_a82 Література. Літературознавство _2UDC |
|
| 999 |
_c359000 _d359000 |
||